000 00978nam a2200277Ia 4500
001 Para_3213
003 CHAP
008 220125s1986 xx 000 0 und d
010 _a201675
040 _cCHAP
090 _aPA FOLLETO 878
100 _aAlonso Velasco, Reynaldo
_94612
245 _aManual de producción del cultivo del cacao en el estado de Tabasco /
_c Reynaldo Alonso Velasco
260 _aHuimanguillo, Tab. :
_b INIFAP. Campo Agrícola Experimental Huimanguillo
300 _a22 p.
440 _aFolleto para productores; 1
_9166379
650 _aCacao
_x Tabasco Cacao
_x Plagas Cacao
_x Mejoramiento
_9166584
710 _aInstituto Nacional de Investigaciones Forestales y Agropecuarias (México). Campo Agrícola Experimental Huimanguillo
_9166585
901 _aPA FOLLETO 878
902 _aA
905 _a0000001986 HUIa 0000000000 00
910 _a1986
942 _cPARA
942 _cPARA
_d1
999 _c201675
_d201675